| 000 | 01315nab a22002297a 4500 | ||
|---|---|---|---|
| 999 |
_c5527 _d5527 |
||
| 003 | OSt | ||
| 005 | 20251215113041.0 | ||
| 008 | 190604e xxu||||| |||| 00| 0 spa d | ||
| 040 | _cPJ | ||
| 100 |
_95110 _aRaschetti, Franco |
||
| 245 | 1 | 0 |
_aBalance y prospectiva en materia de defensa del consumidor. A diez años del Código Civil y Comercial /
_cFranco Raschetti. |
| 260 |
_aCiudad Autónoma de Buenos Aires : _bThomson Reuters La Ley, _c2025. |
||
| 300 | _ap. 193-206 | ||
| 500 | _aCita Online: TR LALEY AR/DOC/1966/2025. | ||
| 505 | _aSumario: I. El método de la regulación legal tras la sanción del Código Civil y Comercial.— II. Algunas soluciones relevantes del Código Civil y Comercial. — III. Algunas polémicas o cuestiones irresolutas instaladas tras la sanción del Código Civil y Comercial.— IV. Ecos en el derecho público provincial.— V. A modo de colofón. | ||
| 505 | _t¿Te interesa el texto completo? Solicitalo al correo: koha@justierradelfuego.gov.ar | ||
| 650 | 0 |
_91497 _aCODIGO CIVIL Y COMERCIAL |
|
| 650 | 0 |
_92597 _aDEFENSA DEL CONSUMIDOR |
|
| 650 | 0 |
_92600 _aLEY DE DEFENSA DEL CONSUMIDOR |
|
| 773 | 0 |
_02714 _93171 _dCiudad Autónoma de Buenos Aires : Thomson Reuters La Ley, 2014- _tRevista anales de legislación argentina. Nº 11- Noviembre 2025. |
|
| 942 |
_2udc _cANA |
||